[Event "2nd Sharjah Masters 2018"]
[Site "Sharjah"]
[Date "2018.04.14"]
[Round "4"]
[White "Kryvoruchko, Yuriy"]
[Black "Adhiban, B."]
[Result "0-1"]
[WhiteElo "2703"]
[BlackElo "2661"]
[Annotator "TA"]
[PlyCount "42"]
[EventDate "2018.??.??"]
[EventType "swiss"]
[EventCountry "UAE"]
[SourceTitle "playchess.com"]
[Source "ChessBase"]
[SourceQuality "1"]

{[%evp 19,42,21,21,27,45,15,51,6,2,-70,-61,-70,-69,-62,-67,-48,-39,-502,-477,-29991,-29992,-29992,-29992,-29996,-29997]} 1. e4 c6 2. d4 d5 3. e5 c5 4. dxc5 e6 5. Nf3 Bxc5 6. a3 {B12: Caro-Kann: Advance Variation} Ne7 {[%cal Bg8e7,Be7g6,Bg6f4][%mdl 32]} 7. Bd3 Ng6 8. O-O Nc6 (8... O-O 9. Nbd2 Nc6 10. b4 Bb6 11. Bb2 Nf4 12. Nb3 a5 13. Qd2 Nxd3 14. cxd3 {½-½ (38) Vitiugov,N (2735)-Anand,V (2776) Karlsruhe/Baden-Baden 2018}) 9. b4 Bb6 10. Bb2 Nf4 {LiveBook: 14 Games} 11. c4 O-O 12. Nc3 f6 $146 ({Predecessor:} 12... a6) 13. exf6 Qxf6 14. Na4 ({White should try} 14. c5 $11 Bd8 15. Bc2) 14... Bd4 $1 $15 {[%cal Rd4b2]} 15. Nxd4 Nxd4 16. Kh1 {And now Bxd4 would win.} Qg5 {[%csl Gf4][%cal Rg5g2]} 17. Rg1 $1 e5 $40 {[%mdl 128] Hoping for ...Rf6. Black mounts an attack.} (17... Rf6 $5 {[%cal Rf6h6]} 18. g3 (18. Bxd4 $2 Rh6 $19) 18... Nxd3 19. Qxd3 e5 20. Bxd4 (20. cxd5 $2 Rxf2 21. Bxd4 exd4 $19) 20... Bf5 $15) 18. cxd5 $2 {[%mdl 8192] [#]} (18. Bf1 $15) 18... Rf6 $1 $19 {[%cal Rf6h6]} 19. Bf1 (19. g4 $19 Nxd3 20. Qxd3) 19... Rh6 {Black mates.} 20. h3 {[#]} Nde2 $1 {[%mdl 512]} 21. Qb3 {[#]} (21. Bxe2 Bxh3) 21... Bxh3 $1 {[%mdl 512] Precision: White = 34%, Black = 76%.} 0-1

[Event "2nd Sharjah Masters 2018"]
[Site "Sharjah"]
[Date "2018.04.14"]
[Round "4"]
[White "Naiditsch, Arkadij"]
[Black "Narayanan S L"]
[Result "1-0"]
[WhiteElo "2701"]
[BlackElo "2568"]
[Annotator "TA"]
[PlyCount "167"]
[EventDate "2018.??.??"]
[EventType "swiss"]
[EventCountry "UAE"]
[SourceTitle "playchess.com"]
[Source "ChessBase"]
[SourceQuality "1"]

{[%evp 19,167,20,16,17,30,20,37,21,33,22,27,25,36,12,42,34,43,45,56,37,24,31,30,0,0,-3,45,0,7,0,0,0,0,0,0,0,0,0,0,0,0,6,6,6,21,24,50,0,0,0,0,0,0,0,53,65,59,55,85,91,127,56,49,0,0,0,40,40,40,23,25,37,54,44,121,44,44,44,45,44,45,14,33,73,40,49,53,57,77,0,64,65,69,70,67,65,70,59,23,0,64,70,109,121,125,114,118,106,87,62,67,48,73,69,75,75,72,0,0,8,75,73,104,116,116,83,162,100,508,427,533,300,435,372,457,237,223,220,246,246,246,239,320,310,12845,12841,12841,12842,29989,29990]} 1. e4 e5 2. Nf3 Nc6 3. Bb5 {[%cal Bf1b5,Bb5a4,Ba4b3][%mdl 32]} a6 4. Ba4 Nf6 5. d3 b5 6. Bb3 Be7 7. a4 b4 {C77: Ruy Lopez: 3...a6 4 Ba4 Nf6, unusual lines} 8. Nbd2 O-O 9. Nc4 d6 10. h3 h6 {LiveBook: 3 Games} 11. a5 Be6 12. O-O Na7 13. c3 {[#]} bxc3 $146 ({Predecessor:} 13... Rb8 14. Be3 c5 15. Nb6 Bxb3 16. Qxb3 bxc3 17. bxc3 Nc8 18. Rfb1 {½-½ (26) Kobalia,M (2666)-Tomashevsky,E (2695) Moscow 2011}) 14. bxc3 Rb8 15. Be3 c5 16. Nfd2 Nb5 17. Qc2 Nd7 18. Rfb1 Bf6 19. Rb2 Qc7 20. Rab1 Rb7 21. Ba4 {[%cal Ra4b5]} Rfb8 22. Qc1 h5 23. Nf1 g6 24. Bd2 d5 25. exd5 Bxd5 26. Ng3 Bxc4 27. dxc4 Nd6 28. Rxb7 Rxb7 29. Rxb7 Qxb7 30. Bg5 {Threatening Bxd7.} h4 {[#]} 31. Nh5 $1 {[%mdl 512]} Bxg5 (31... gxh5 32. Bxf6) 32. Qxg5 Ne4 33. Qd8+ Nf8 34. Nf6+ Nxf6 35. Qxf6 Qb1+ 36. Kh2 Qe4 (36... Qa2 $11) 37. Bc6 $14 Qxc4 38. Qxe5 Qa2 39. Qxc5 Ne6 40. Bd5 $1 {And now Qc8+ would win.} Qd2 $1 41. Qd6 (41. Bxe6 $5 Qf4+ 42. g3 hxg3+ 43. Kg2 (43. fxg3 Qd2+ 44. Kh1 Qe1+ 45. Kg2 Qe2+ 46. Kg1 Qe1+ 47. Kg2 Qe2+ 48. Qf2 Qxe6 $11) 43... Qe4+ 44. Kxg3 Qxe6 45. c4 $16) 41... Kh7 42. Qe5 Nf4 43. Bf3 {Strongly threatening Qf6.} Ne6 $1 44. Qf6 Qxf2 45. Qxf7+ Ng7 46. Qc7 Kh6 {[#]} (46... Qe3 $14) 47. Bg4 (47. Qf4+ $1 $16 Kh7 48. Qe5) 47... Qe3 48. c4 Ne8 $1 {[%cal Re8c7]} 49. Qb8 Nf6 50. Bf3 Nd7 51. Qh8+ Kg5 52. Qd8+ Nf6 53. Qd6 Nd7 54. Bb7 ({Don't play} 54. Qxd7 Qe5+ 55. Kh1 Qe1+ 56. Kh2 Qg3+ 57. Kh1 Qe1+ 58. Kh2 Qg3+ 59. Kh1 Qe1+ $11) (54. Bg4 $16 Qe5+ 55. Qxe5+ Nxe5 56. c5) 54... Qc5 (54... Ne5 $1 $11) 55. Qd2+ Kf6 {Threatens to win with ...Qc7+.} 56. Qf4+ Kg7 57. Bd5 $1 Qe7 $1 58. Qc7 Kf6 59. Qf4+ Kg7 60. Qd4+ Qf6 61. Qe3 Qd6+ 62. Kh1 Nf6 63. Bf3 {c5 is the strong threat.} Nd7 64. Qg5 Qf6 65. Qd5 Qe7 66. Qd4+ Kh7 67. Kh2 Nc5 68. Qf4 ({White should play} 68. Bd5 $16) 68... Nd3 $11 69. Qb8 Ne5 (69... Kg7 $11 {keeps the balance.}) 70. Bd5 $16 Qf6 71. Qa7+ Kh6 72. Qe3+ Kg7 {[#]} (72... g5 $16 73. c5 Kg7) 73. c5 (73. Kg1 $1 $18) 73... Qe7 $2 {[%mdl 8192]} (73... g5 $16 {is a better chance.}) 74. Kh1 Qf6 75. Kg1 Kf8 (75... Nf7 $142 76. c6 Qa1+ 77. Kh2 Qf6) 76. Bb7 Nc4 77. Qe4 (77. Qf2 $142 Qxf2+ 78. Kxf2) 77... Nxa5 $18 78. Bd5 Qa1+ 79. Kh2 {aiming for Qe6.} Qf6 80. c6 {[%cal Bc5c6,Bc6c7][%mdl 32]} Qd6+ 81. Kh1 Qc5 $2 (81... Nxc6 82. Bxc6 Qd1+ 83. Kh2 Qd6+ 84. Kg1 Qd1+ 85. Kf2 Qd2+ 86. Kf3 Qc3+ 87. Ke2 Qf6 88. Qb4+ Kg7) 82. Qf4+ Ke7 83. c7 {Threatening mate with Qe5+.} Qc3 84. Qxh4+ {Precision: White = 52%, Black = 46%.} 1-0

[Event "2nd Sharjah Masters 2018"]
[Site "Sharjah"]
[Date "2018.04.14"]
[Round "4"]
[White "Eljanov, Pavel"]
[Black "Jumabayev, Rinat"]
[Result "1-0"]
[WhiteElo "2700"]
[BlackElo "2612"]
[Annotator "TA"]
[PlyCount "85"]
[EventDate "2018.??.??"]
[EventType "swiss"]
[EventCountry "UAE"]
[SourceTitle "playchess.com"]
[Source "ChessBase"]
[SourceQuality "1"]

{[%evp 16,85,12,14,22,21,27,19,54,43,63,29,44,40,45,48,36,39,65,21,55,26,75,72,81,70,86,63,74,72,152,168,162,165,180,178,152,158,162,171,205,220,209,194,243,225,226,243,329,295,277,266,276,273,278,276,277,264,302,241,286,282,247,277,301,260,497,489,566,558,531,531]} 1. d4 Nf6 2. Nf3 g6 3. Bg5 Bg7 4. c3 d6 5. e3 h6 6. Bh4 {A48: 1 d4 Nf6 2 Nf3 g6: Torre, London and Colle Systems} O-O 7. Be2 Qe8 8. Nbd2 e5 9. O-O {LiveBook: 6 Games} (9. dxe5 dxe5 10. e4 Nh5 11. O-O Nf4 12. Bc4 Nd7 13. Re1 Nc5 14. Qc2 a5 {½-½ (35) Gelfand,B (2741)-Adhiban,B (2674) Berlin 2015}) 9... Nfd7 10. e4 $146 ({Predecessor:} 10. dxe5 dxe5 11. Qb3 Nc6 12. Bb5 Nc5 13. Qd5 Ne6 14. Nxe5 Ne7 15. Qxe6 Qxb5 16. Qxe7 Bxe5 17. a4 Bxh2+ 18. Kxh2 Qh5 19. Kg1 {1-0 (19) Goins,D (2084)-Chamberlain,E (1930) San Francisco 2011}) 10... Nc6 {[%cal Re5d4]} 11. Rc1 Bf6 12. Bg3 Nb6 13. d5 Nb8 14. c4 N6d7 15. b4 a5 16. a3 b6 17. Nb1 {[%cal Bd2b1,Bb1c3,Bc3b5][%mdl 32]} Bg7 18. Nfd2 h5 19. Nc3 $36 {[%mdl 2048] White is on the roll.} axb4 20. axb4 Bh6 21. Rb1 Qe7 22. Nf3 {[%cal Bd2f3,Bf3h4,Bh4g6][%mdl 32]} f5 (22... Nf6 $142) 23. exf5 $1 $16 gxf5 24. Nb5 Nf6 25. Nh4 {Hoping for Ng6.} Qg7 26. f4 Ne4 27. Bxh5 Nxg3 28. hxg3 Qxg3 {[#]} 29. Ng6 $1 Ra2 {[%csl Ga2][%cal Rg3g2]} 30. Qf3 Qxf3 31. Rxf3 ({Weaker is} 31. Bxf3 Rf7 $11) 31... Bxf4 32. Nxf8 ({Don't play} 32. Nxf4 exf4 33. Nxc7 Ra7 $18) 32... Kxf8 33. Nxc7 Ke7 {[#]} 34. Rxf4 $1 {[%mdl 512]} exf4 35. Re1+ Kd8 36. Nb5 Na6 37. Re8+ ({Resist} 37. Nxd6 Bd7 $18) 37... Kd7 38. Rg8 {And now Bg6 would win.} Nxb4 {[#]} 39. Bg6 $1 {[%cal Rg6f5]} Ra1+ 40. Kh2 Ke7 $2 (40... Ba6 {keeps fighting.}) 41. Rxc8 $18 {White is clearly winning.} Kf6 42. Bh5 Nd3 43. Bf3 {Precision: White = 88%, Black = 38%.} 1-0

[Event "2nd Sharjah Masters 2018"]
[Site "Sharjah"]
[Date "2018.04.14"]
[Round "4"]
[White "Kravtsiv, Martyn"]
[Black "Dhulipalla Bala Chandra Prasa"]
[Result "1-0"]
[WhiteElo "2680"]
[BlackElo "2294"]
[Annotator "TA"]
[PlyCount "125"]
[EventDate "2018.??.??"]
[EventType "swiss"]
[EventCountry "UAE"]
[SourceTitle "playchess.com"]
[Source "ChessBase"]
[SourceQuality "1"]

{[%evp 41,125,18,22,19,22,20,33,0,0,0,0,-12,12,12,25,2,6,0,0,-20,0,-45,0,0,9,9,55,10,10,0,0,0,0,0,0,0,11,14,71,22,29,0,0,0,27,27,27,0,0,0,0,0,25,27,27,4,27,21,17,0,0,0,16,0,22,6,2,0,79,90,114,99,125,137,139,132,189,171,1045,1056,1346,1320,1183,917,5502,2516]} 1. e4 e5 2. Nf3 Nc6 3. Bb5 a6 4. Ba4 Nf6 5. O-O Be7 6. Re1 b5 7. Bb3 d6 8. c3 O-O 9. h3 Nb8 10. d4 Nbd7 11. Nbd2 Bb7 12. Bc2 Re8 13. Nf1 Bf8 14. Ng3 g6 15. a4 c5 16. d5 c4 17. Bg5 Nc5 {C95: Closed Ruy Lopez: Breyer Variation with 10 d4} 18. Qd2 Be7 19. Bh6 Nfd7 20. Nh2 bxa4 21. Bxa4 Nxa4 {LiveBook: 4 Games} 22. Rxa4 a5 23. Ng4 Ba6 {[#]} 24. Rf1 $146 ({Find the theoretical novelty and annotate with similar games:} 24. Be3 Bb5 25. Raa1 {1-0 (46) Azarov,S (2594)-Zhigalko,S (2662) Minsk 2017}) 24... Nc5 25. Ra2 Bc8 26. Be3 Bxg4 27. hxg4 Qb6 28. Kh2 Reb8 29. Bxc5 Qxc5 30. Rh1 Bf8 31. Kg1 h6 32. Nf1 Qb5 33. Qd1 Kg7 34. Nd2 (34. Qc1 $5 {[%cal Rc1h6]} Kg8 35. Nd2 $11) 34... Be7 35. Qf1 Rc8 {[%cal Bb8c8,Bc8c5,Bc5b5][%mdl 32]} 36. g3 Bg5 37. Qe2 Rab8 38. Kg2 Bxd2 39. Qxd2 g5 (39... Rh8 $11) 40. Rha1 Rc5 41. Qe2 Qb6 42. Qf3 Qc7 43. Rh1 {[#] aiming for Rxh6!} Qe7 44. Qf5 Rcb5 45. Raa1 {And now Rxh6! would win.} Rh8 46. Ra4 Rc5 47. Rha1 Ra8 48. Qf3 Qc7 49. Qe2 Rb8 50. R1a2 Ra8 51. Ra1 Rb8 52. Rh1 Rh8 53. f4 exf4 54. gxf4 gxf4 (54... Qe7 $11 {keeps the balance.}) 55. Kf3 $16 f6 56. Qd2 {[%mdl 1024] White has strong compensation.} Qd7 57. Raa1 Rb5 58. Rh2 Qe7 (58... Qb7 $16 59. Kxf4 Qf7) 59. Rah1 $18 Qf8 $2 (59... Qb7 60. Qxf4 Rxb2) 60. Qxf4 {White is clearly winning.} Kg8 61. Rxh6 Rxh6 62. Rxh6 Kg7 {[#]} 63. g5 $1 {[%mdl 512] Precision: White = 52%, Black = 41%.} 1-0

[Event "2nd Sharjah Masters 2018"]
[Site "Sharjah"]
[Date "2018.04.14"]
[Round "4"]
[White "Safarli, Eltaj"]
[Black "Abdusattorov, Nodirbek"]
[Result "1-0"]
[WhiteElo "2653"]
[BlackElo "2540"]
[Annotator "TA"]
[PlyCount "81"]
[EventDate "2018.??.??"]
[EventType "swiss"]
[EventCountry "UAE"]
[SourceTitle "playchess.com"]
[Source "ChessBase"]
[SourceQuality "1"]

{[%evp 16,81,21,15,21,-13,0,3,0,-1,6,0,0,0,0,-4,15,0,0,0,0,-15,-11,-79,72,69,72,72,106,102,102,102,105,87,100,91,81,80,93,101,178,179,175,175,187,189,180,177,184,187,277,251,333,329,421,416,430,433,473,469,579,525,1072,1082,29985,29986,29988,5014]} 1. e4 e5 2. Nf3 Nc6 3. Bb5 Nf6 4. d3 d6 5. O-O Bd7 6. c4 {C66: Ruy Lopez: Steinitz Defence} (6. c3 g6 7. h3 Bg7 8. Be3 O-O 9. Nbd2 Nh5 10. Ba4 Kh8 11. d4 f5 12. exf5 gxf5 13. dxe5 dxe5 14. Nxe5 Nxe5 15. Bxd7 Qxd7 16. Qxh5 {1-0 (30) Grischuk,A (2772)-Wang,H (2709) Huaian 2017}) 6... g6 7. Nc3 Bg7 8. h3 O-O 9. Be3 {LiveBook: 13 Games} Nh5 10. c5 $146 ({Predecessor:} 10. Bxc6 Bxc6 11. d4 b6 12. Re1 Bb7 13. b4 {1-0 (65) Oleksienko,M (2629)-Deac,B (2437) Iasi 2015}) 10... Nd4 11. Bxd7 Qxd7 12. cxd6 $1 Qxd6 13. Bxd4 exd4 14. Ne2 c5 15. Nd2 b5 16. f4 {Hoping for g4.} c4 17. e5 Qb6 18. Ne4 f5 19. Nf2 (19. Nd6 Nxf4 $1 {[%mdl 512]} 20. Nxf4 Bxe5 $17) (19. Nd2 $11) 19... Nxf4 $2 (19... Bh6 $17 20. g3 g5 21. fxg5 Bxg5 22. dxc4 Be3) 20. Nxf4 $16 {Threatens to win with Re1.} Bxe5 21. Qf3 Qd6 {[#]} 22. Qd5+ $1 Qxd5 23. Nxd5 Rfe8 24. a4 c3 25. bxc3 dxc3 26. axb5 Rac8 {[#]} 27. Nb4 $1 {[%cal Rb4c6] Nc6 is the strong threat.} (27. Rxa7 $6 c2 $15) 27... Bf4 (27... c2 $16 {keeps fighting.} 28. Rac1 Bc3) 28. Nd1 $18 ({Stronger than} 28. Rxa7 c2 $11) (28. Nd5 $6 Bg5 $11) 28... Bd2 29. Nc2 ({Worse is} 29. Rxa7 c2 $11) 29... Re5 30. Rxa7 Rxb5 {intending ...Rb2.} 31. Kf2 Rb1 32. d4 Re8 (32... Rc1 $142 33. Ra2 Rb8) 33. Rc7 Rc1 34. Nde3 ({Inferior is} 34. Nxc3 Rxc2 35. Nd5 Rxc7 $11) 34... Rxf1+ 35. Nxf1 h5 36. Nfe3 Rb8 37. Ke2 Rb1 38. d5 Kf8 39. d6 Ke8 40. Nd5 Bg5 41. d7+ {Precision: White = 76%, Black = 44%.} (41. Nd4 $142 Rb2+ 42. Kf3 Rb3 43. d7+ Kf8 44. Ne6+ Kg8 45. Nxg5 c2+ 46. Kf2 Rf3+ 47. Kxf3 Kg7 48. d8=Q+ Kh6 49. Rh7#) 1-0

[Event "2nd Sharjah Masters 2018"]
[Site "Sharjah"]
[Date "2018.04.14"]
[Round "4"]
[White "Grandelius, Nils"]
[Black "Amin, Bassem"]
[Result "1-0"]
[WhiteElo "2652"]
[BlackElo "2700"]
[Annotator "TA"]
[PlyCount "91"]
[EventDate "2018.??.??"]
[EventType "swiss"]
[EventCountry "UAE"]
[SourceTitle "playchess.com"]
[Source "ChessBase"]
[SourceQuality "1"]

{[%evp 30,91,0,0,7,18,17,17,17,17,13,19,18,9,9,5,54,57,55,55,59,53,96,104,109,124,194,204,244,246,318,309,311,314,342,344,421,403,485,482,477,475,499,513,514,500,512,504,489,496,504,499,506,490,597,598,597,597,507,495,595,581,537,533]} 1. e4 e5 2. Nf3 Nc6 3. Bb5 a6 4. Ba4 Nf6 5. O-O Be7 6. Re1 b5 7. Bb3 d6 8. c3 O-O 9. h3 Nb8 10. d4 Nbd7 11. c4 c6 12. Nc3 b4 {C95: Closed Ruy Lopez: Breyer Variation with 10 d4} 13. Ne2 Nxe4 14. Qc2 f5 15. c5+ d5 16. Be3 {LiveBook: 3 Games} Kh8 {aiming for ...f4.} 17. Nxe5 Nxe5 18. dxe5 Bh4 $1 {[#]} 19. g3 $146 {Black should prevent Ba4.} ({Find the theoretical novelty and annotate with similar games:} 19. Rf1 a5 20. f3 {½-½ (33) Wei,Y (2706)-Mamedyarov,S (2747) Wijk aan Zee 2016}) 19... Bg5 20. Bxg5 Qxg5 21. h4 $1 $36 {[%cal Rh4g5][%mdl 2048] White has good play.} Qe7 22. f3 Qxc5+ (22... Nxc5 {NOTEXT} 23. Nd4 Qa7 24. Kh1 f4 25. g4 Qe7) 23. Qxc5 Nxc5 24. Nd4 f4 25. g4 {[%mdl 1024] White has compensation.} Bb7 26. Bc2 Rae8 27. e6 Bc8 {[#]} (27... Re7 $16) 28. Bf5 $1 $18 ({Not} 28. Nxc6 Rxe6 29. Rxe6 Bxe6 $11) ({Don't take} 28. e7 $6 Rf7 $14) 28... g6 29. e7 Rg8 30. Bxc8 Rxc8 {[#]} 31. Nxc6 $1 {[%mdl 512]} Nd3 (31... Rxc6 32. e8=Q) 32. Re6 Rge8 33. Rd1 Nc5 34. Rd6 {White is clearly winning.} Kg7 35. R1xd5 Nb7 36. Rd8 Nxd8 37. exd8=Q Rexd8 38. Nxd8 {[%mdl 4096] Endgame KRN-KR} Rc1+ 39. Kf2 Rc2+ 40. Ke1 Rxb2 41. Ra5 b3 42. axb3 Rxb3 43. Ne6+ Kf6 44. Nd4 Rb1+ 45. Kd2 Rh1 46. Kd3 {Precision: White = 100%, Black = 47%.} 1-0

[Event "2nd Sharjah Masters 2018"]
[Site "Sharjah"]
[Date "2018.04.14"]
[Round "4"]
[White "Rakhmanov, Aleksandr"]
[Black "Inarkiev, Ernesto"]
[Result "1/2-1/2"]
[WhiteElo "2652"]
[BlackElo "2680"]
[Annotator "TA"]
[PlyCount "22"]
[EventDate "2018.??.??"]
[EventType "swiss"]
[EventCountry "UAE"]
[SourceTitle "playchess.com"]
[Source "ChessBase"]
[SourceQuality "1"]

{[%evp 21,22,0,5]} 1. Nf3 d5 2. g3 Nf6 3. Bg2 g6 4. O-O Bg7 5. c4 c6 6. cxd5 cxd5 7. d4 O-O 8. Ne5 Ng4 $146 ({Predecessor:} 8... e6 9. Nc3 Nfd7 10. Nf3 Nf6 11. Ne5 Bd7 12. Bg5 h6 13. Bf4 Nc6 14. Qd2 Kh7 15. Rfd1 Nh5 16. e4 Nxf4 17. Qxf4 dxe4 18. Nxe4 Qe7 19. h4 Rad8 20. h5 gxh5 21. Rac1 Be8 {0-1 (30) Mamedyarov,S (2799)-Artemiev,V (2691) Moscow 2017}) 9. Nf3 Nf6 10. Ne5 Ng4 11. Nf3 Nf6 1/2-1/2

[Event "2nd Sharjah Masters 2018"]
[Site "Sharjah"]
[Date "2018.04.14"]
[Round "4"]
[White "Mareco, Sandro"]
[Black "Dixit, Nikhil"]
[Result "1-0"]
[WhiteElo "2645"]
[BlackElo "2285"]
[Annotator "TA"]
[PlyCount "97"]
[EventDate "2018.??.??"]
[EventType "swiss"]
[EventCountry "UAE"]
[SourceTitle "playchess.com"]
[Source "ChessBase"]
[SourceQuality "1"]

{[%evp 15,97,34,49,22,41,45,27,0,13,0,27,0,0,0,11,12,25,6,6,1,8,17,107,118,137,116,134,118,136,126,126,126,128,120,110,110,117,26,26,26,26,26,34,29,32,43,49,41,41,41,41,41,41,41,73,73,93,13,14,14,14,14,14,21,58,41,66,72,569,578,526,499,2172,2572,12833,2576,12841,12842,12843,12843,12846,12847,12847,12847]} 1. Nf3 g6 2. d4 Bg7 3. e4 d6 4. c3 Nf6 5. Bd3 O-O 6. O-O Nc6 7. h3 e5 8. Re1 a5 {LiveBook: 3 Games. B07: Pirc Defence: Miscellaneous Systems} (8... Re8 9. Na3 b6 10. Nc2 Bb7 11. Bg5 h6 12. Bd2 Qe7 13. b4 Qf8 14. d5 Ne7 15. c4 Nd7 16. a4 f5 17. a5 {0-1 (39) Wei,Y (2734)-Dubov,D (2696) Liaocheng 2018}) 9. Na3 Re8 $146 ({Predecessor:} 9... exd4 10. cxd4 Nb4 11. Bb1 c6 12. Bg5 Be6 13. Nc2 Qb6 14. Ne3 Rfe8 15. Bh4 h6 16. a3 {1-0 (36) Grigoriants,S (2568)-Kobo,O (2477) chess.com INT 2018}) 10. Nb5 Bd7 {White is slightly better.} 11. a3 a4 12. Bg5 {[%cal Bc1g5,Bg5h4,Bh4g3,Bg3e5][%mdl 32]} Qb8 13. Bf1 h6 14. Bh4 g5 15. Bg3 exd4 16. e5 $1 {[%cal Re5f6]} Nxe5 17. Nxe5 dxe5 18. cxd4 Rd8 (18... Bc6 $1 $11) 19. Bxe5 $16 Nd5 20. Bc4 Be6 21. Qf3 Qc8 22. Rac1 {And now Nxc7! would win.} Qd7 23. Bxg7 Kxg7 {[#]} 24. Rxe6 $1 {[%mdl 512]} fxe6 (24... Qxe6 25. Nxc7) 25. Bxd5 $1 c6 26. Bxe6 ({Better is} 26. Bxc6 $1 $16 bxc6 27. Rxc6) 26... Qxe6 $11 27. Nc7 $1 {[%csl LRa8,LRe6]} Qf7 $1 28. Qxf7+ Kxf7 29. Nxa8 Rxa8 {[%mdl 4096] Endgame KR-KR} 30. Kf1 Ke6 31. Ke2 Ra5 32. Kd3 Rb5 33. Re1+ Kd6 34. Kc3 Rb3+ 35. Kc2 Kd5 {[#]} 36. Re7 ({White should try} 36. Re8 $1 $16) 36... Kxd4 37. Rh7 Rb5 $1 38. Rxh6 Rc5+ 39. Kb1 Kd3 40. h4 Ke2 41. Rh5 Kd2 $2 {[%mdl 8192]} (41... Rc4 $16) 42. Rxg5 $18 {White is clearly winning.} Rc1+ 43. Ka2 Rc2 (43... Rh1 $142 44. h5 Ke2) 44. Rg3 b5 {[#]} 45. h5 (45. Rc3 $142 $1 Rxc3 46. bxc3) 45... c5 46. h6 {[%cal Bh5h6,Bh6h7][%mdl 32]} b4 47. axb4 cxb4 48. h7 Rc8 49. Rg8 {Precision: White = 59%, Black = 38%.} 1-0

[Event "2nd Sharjah Masters 2018"]
[Site "Sharjah"]
[Date "2018.04.14"]
[Round "4"]
[White "Adly, Ahmed"]
[Black "Ma, Lin"]
[Result "1-0"]
[WhiteElo "2626"]
[BlackElo "2156"]
[Annotator "TA"]
[PlyCount "71"]
[EventDate "2018.??.??"]
[EventType "swiss"]
[EventCountry "UAE"]
[SourceTitle "playchess.com"]
[Source "ChessBase"]
[SourceQuality "1"]

{[%evp 13,71,10,23,0,9,7,39,34,39,43,73,80,77,68,93,102,111,102,92,99,104,106,111,84,100,58,59,72,67,58,93,57,49,53,180,178,179,164,178,175,293,291,410,360,357,342,354,340,485,475,645,593,605,587,731,724,715,687,1375,1316]} 1. d4 Nf6 2. c4 g6 3. g3 c6 4. Bg2 d5 5. Qa4 Bg7 6. cxd5 {D71: Fianchetto Grünfeld: 3 g3 d5 sidelines and 5 cxd5 (without Nf3)} Nxd5 (6... O-O 7. dxc6 Nxc6 8. Nf3 Nd5 9. e3 Nb6 10. Qd1 e5 11. O-O Bg4 12. dxe5 Qxd1 13. Rxd1 Nxe5 {½-½ (68) Vitiugov,N (2735)-Vachier Lagrave,M (2789) Karlsruhe/Baden-Baden 2018}) 7. Nf3 O-O {LiveBook: 17 Games} 8. Nc3 {White has an edge.} Nd7 9. O-O N7f6 10. Re1 $146 ({Predecessor:} 10. Bd2 Bf5 11. Nxd5 cxd5 12. Ba5 Qd7 13. Qb3 Ne4 14. Ne5 Bxe5 15. dxe5 b6 16. Be1 {1-0 (78) Erturan,Y (2378)-Ozmen,H (1887) Konya 2015}) 10... Nxc3 11. bxc3 c5 12. e4 Nd7 13. Qa3 cxd4 14. cxd4 b6 15. Bg5 Re8 16. Rad1 h6 17. Bf4 Bb7 18. h4 e6 19. d5 exd5 20. exd5 Rxe1+ 21. Nxe1 {[%cal Bf3e1,Be1c2,Bc2e3,Be3g4][%mdl 32]} Nc5 22. Nc2 Qd7 23. Ne3 Qa4 ({Black should try} 23... Qe8 $14) 24. Qxa4 $18 Nxa4 {[#]} 25. d6 $1 {[%cal Bd5d6,Bd6d7][%mdl 32]} Bxg2 26. d7 ({Resist} 26. Kxg2 $6 Nc3 $14) 26... Bf6 (26... Bc6 $142 27. d8=Q+ Rxd8 28. Rxd8+ Kh7) 27. Ng4 (27. Nxg2 Nc5 $11) 27... Be7 (27... Bd8 $142) 28. Kxg2 {Hoping for Re1.} Nc5 29. Ne5 (29. Bxh6 f6 $16) ({Less strong is} 29. Nxh6+ Kf8 $16) 29... Ne6 30. Bxh6 Bf6 (30... f6 $142) 31. Nc6 {White is clearly winning.} Nd8 32. Rd6 Bg7 33. Bg5 Bf8 {[#]} 34. Rxg6+ $3 {[%mdl 512]} fxg6 35. Nxd8 Bh6 36. Nc6 {Precision: White = 75%, Black = 28%.} 1-0

[Event "2nd Sharjah Masters 2018"]
[Site "Sharjah"]
[Date "2018.04.14"]
[Round "4"]
[White "Iturrizaga Bonelli, Eduardo"]
[Black "Wang, Hao"]
[Result "1/2-1/2"]
[WhiteElo "2624"]
[BlackElo "2707"]
[Annotator "TA"]
[PlyCount "30"]
[EventDate "2018.??.??"]
[EventType "swiss"]
[EventCountry "UAE"]
[SourceTitle "playchess.com"]
[Source "ChessBase"]
[SourceQuality "1"]

{[%evp 19,30,19,19,18,20,27,9,8,2,0,25,0,11]} 1. Nf3 d5 2. d4 Nf6 3. c4 e6 4. g3 Be7 5. Bg2 O-O 6. O-O dxc4 7. Qc2 a6 8. a4 Bd7 9. Qxc4 Bc6 10. Bg5 Nbd7 {LiveBook: 124 Games. E05: Open Catalan: 5 Nf3 Be7} (10... h6 11. Bxf6 Bxf6 12. Nc3 Bxf3 13. Bxf3 Qxd4 14. Qxc7 Nc6 15. Qxb7 Na5 16. Qc7 Qd8 17. Qf4 Rb8 18. Rfd1 {1-0 (33) Mamedyarov,S (2804)-Wei,Y (2743) Wijk aan Zee 2018}) 11. Rd1 Bd5 12. Qc2 Be4 13. Qb3 $146 ({Predecessor:} 13. Qc1 h6 14. Bxf6 Nxf6 15. Nc3 Bh7 16. Ne5 c6 {½-½ (27) Gleizerov,E (2567)-Oparin,G (2504) Trieste 2013}) 13... Bd5 14. Qc2 Be4 15. Qb3 Bd5 1/2-1/2